Score 0/20 Timer 05:00
0 Plays Today
Question Answer Wrong Answers
Pencil lead is actually made of which material? Graphite
98.3%
Uranium
0.5%
Copper
0.8%
Topaz
0.4%
Tin foil is almost always made from which element? Aluminum
96.4%
Tungsten
1%
Silver
0.7%
Iron
0.8%
The guinea pig is actually a what? Rodent
90.3%
Bird
0.2%
Reptile
0.6%
Marsupial
8.4%
When you hit your funny bone, what are you actually hitting? Ulnar Nerve
68%
Median Nerve
7.3%
Tibial Nerve
18.5%
Palmer Digital Nerve
2.9%
Two-toed sloths actually have how many toes? 3
65.6%
4
20.8%
5
4%
6
4.4%
A Bombay duck is actually a type of what? Fish
62%
Bee
6.6%
Horse
8.3%
Snake
18.4%
Catgut actually comes from which animal? Sheep
53.7%
Horse
14.2%
Dog
3.6%
Pig
24.3%
Blackboard chalk is usually made of what? Gypsum
51%
Halite
8.9%
Limestone
32.7%
Granite
5%
The Horned Toad and Slow Worm are both species of what? Lizard
47.9%
Frog
34%
Snake
11%
Rat
1.2%
What is a starfish a type of? Echinoderm
45.6%
Cnidarian
11%
Brachyura
5.5%
Crustacean
31.1%
The English horn is actually a what? Woodwind instrument
43.6%
Percussion instrument
4.2%
String instrument
1.7%
Brass instrument
48.8%
An Alaskan Diamond is actually made of which material? Hematite
41.5%
Wolframite
16.3%
Natrolite
10%
Labradorite
25.2%
The Battle of Bunker Hill actually took place on which hill? Breed's Hill
41%
Punkatasset Hill
16.9%
Petticoat Hill
21.2%
Nobscot Hill
17.7%
Velvet ants are actually what? Wasps
39.7%
Mosquitos
7.1%
Dragonflies
11.8%
Spiders
35.2%
Where do Panama Hats originate from? Ecuador
39.1%
Brazil
21.9%
Paraguay
15.6%
Peru
18%
The Thousand Islands are actually how many islands? 1864
38.5%
2040
22.5%
2459
18.1%
2665
14.2%
Arabic numerals actually originate from which country? India
35.2%
China
21.8%
Mongolia
10.2%
Iran
28%
The Canary Islands are actually named after which species of animal? Dog
34.3%
Cat
10.1%
Fish
42.5%
Horse
9.4%
How long was the Hundred Years' War? 116 years
27.5%
105 years
18.3%
108 years
28.1%
111 years
20.7%
Chinese checkers actually originate from which country? Germany
13.9%
Canada
4.2%
United States
34%
India
41.6%
Remove Ads.
Support Sporcle.
Get the best of Sporcle when you Go Orange. This ad-free experience offers more features, more stats, and more fun while also helping to support Sporcle. Thank you for becoming a member.

You're not logged in!

Compare scores with friends on all Sporcle quizzes.
OR
Log In

Show Comments

Extras

Top Quizzes Today


Score Distribution

Your Account Isn't Verified!

In order to create a playlist on Sporcle, you need to verify the email address you used during registration. Go to your Sporcle Settings to finish the process.

Report this User

Report this user for behavior that violates our Community Guidelines.

Details: